Loading...
Streams of experience: reflections on the history and philosophy of American culture
| Main Author: | |
|---|---|
| Format: | Printed Book |
| Published: |
New Delhi, Asian Books
1986
|
| Subjects: |
| LEADER | 005170000a22001570004500 | ||
|---|---|---|---|
| 082 | |a 199.73 M6;1 | ||
| 100 | |a McDermott, John J | ||
| 245 | |a Streams of experience: reflections on the history and philosophy of American culture | ||
| 260 | |a New Delhi, Asian Books | ||
| 260 | |c 1986 | ||
| 465 | |a R 60 | ||
| 650 | |a Culture | ||
| 650 | |a United States | ||
| 942 | |c BK | ||
| 999 | |c 13949 |d 13949 | ||
| 952 | |0 0 |1 0 |4 0 |6 199_730000000000000_M61 |7 0 |8 ENG |9 13750 |a MGUL |b MGUL |d 2013-07-16 |e R 60 |l 0 |o 199.73 M6;1 |p 19638 |r 2013-07-16 |w 2013-07-16 |y BK | ||